00250nam a2200109Ia 4500008004100000100001600041245001300057260003200070650001400102942000700116999001700123190216s9999||||xx |||||||||||||| ||und|| aO N V Kurup 0aGanamela b"Modern Book, Kollam"c1978 aKavithkal cBK c24223d24223